000 00959nam0a22002771 4500
001 RU\INFOCOMM_327\NLR\5000073679
005 20250614080423.0
035 _a(NLR Aleph) 010600189
090 _a10534320
_c10534320
100 _a20130322d1978 |||y0rusy50 ca
101 0 _aeng
102 _aRU
105 _ay z||||
200 1 _aEnglish at leisure
_eThe vocabulary of leisure activities
_eУчеб. пособие для студентов пед. ин-тов
_fJane Povey
210 _aM.
_cHigher school
_d1978
215 _a207 с.
_d20 см
300 _aВ вып. дан.: Пособие по лексике разговорных тем / Джейн Поуви
320 _aБиблиогр.: с. 195
620 _aМосква
686 _aШ143.21-93рус3-6
_2rubbk
700 1 _aPovey
_bJ.
_gJane
801 1 _aRU
_bInfocomm
_c20130322
801 0 _aRU
_bINFOCOMM
_gPSBO
852 _aNLR
_jЯ61 Д-3/361
_y2 экз.
942 _cBOOK
980 _aNB